| 000 | 00575nam a22001937a 4500 | ||
|---|---|---|---|
| 005 | 20251108165824.0 | ||
| 008 | 250721s9999 xx 000 0 ara d | ||
| 082 | 1 | 4 | _aط/214.2/علي |
| 100 | 1 | _aخليفة، علي السيد | |
| 245 | 1 | 0 | _aنوح عليه السلام / |
| 264 | 1 |
_aالقاهرة : _bالمركز الربي للنشر، _c[19-]. |
|
| 300 | _a31ص | ||
| 490 | 0 | _aمن قصص أنبياء الله | |
| 650 | 1 | 7 | _aالإسلام |
| 650 | 1 | 7 | _aأصول الدين الإسلامي |
| 650 | 1 | 7 | _aالنبوات |
| 942 |
_2ddc _cBK |
||
| 999 |
_c32189 _d32189 |
||